| 000 | 00000nam 2200000zi 4500 |
| 001 | 9.933842 |
| 003 | CaOODSP |
| 005 | 20240213124958 |
| 006 | m o d f |
| 007 | cr mn||||||||| |
| 008 | 240213e202208 onc o f000 0 fre d |
| 040 | |aCaOODSP|bfre|erda|cCaOODSP |
| 043 | |an-cn--- |
| 045 | |ay1y2 |
| 086 | 1 |aH14-578/2022F-PDF |
| 245 | 00|aAudit des entrepôts de la Réserve nationale stratégique d'urgence : |brapport définitif / |cBureau de l'audit et de l'évaluation. |
| 246 | 17|aAudit des entrepôts de la Réserve nationale stratégique d'urgence (RNSU) |
| 264 | 1|a[Ottawa] : |bSanté Canada et l'Agence de la santé publique du Canada = Health Canada and the Public Health Agency of Canada, |caoût 2022. |
| 300 | |a1 ressource en ligne (8 pages) |
| 336 | |atexte|btxt|2rdacontent/fre |
| 337 | |ainformatique|bc|2rdamedia/fre |
| 338 | |aressource en ligne|bcr|2rdacarrier/fre |
| 500 | |aPublié aussi en anglais sous le titre : Audit of the security of National Emergency Strategic Stockpile (NESS) warehouse facilities : final report. |
| 500 | |aTitre de la couverture. |
| 650 | 6|aMatériel médical|xStockage|zCanada|xSécurité|xMesures|xAudit. |
| 650 | 6|aSecours aux victimes de catastrophes|xAppareils et matériel|xStockage|zCanada|xSécurité|xMesures|xAudit. |
| 710 | 1 |aCanada. |bSanté Canada. |bBureau de l'audit et de l'évaluation, |eorganisme de publication. |
| 775 | 08|tAudit of the security of National Emergency Strategic Stockpile (NESS) warehouse facilities : |w(CaOODSP)9.933753 |
| 856 | 40|qPDF|s330 Ko|uhttps://publications.gc.ca/collections/collection_2024/sc-hc/H14-578-2022-fra.pdf |
| 856 | 4 |qHTML|sS.O.|uhttps://www.canada.ca/fr/sante-canada/organisation/transparence/rapports-gestion/verifications-internes/entrepots-reserve-nationale-strategique-urgence.html |